Problems in Mathematical Analysis / (Record no. 3339)
[ view plain ]
| 000 -LEADER | |
|---|---|
| fixed length control field | 00291cam a2200121ua 4500 |
| 082 ## - DEWEY DECIMAL CLASSIFICATION NUMBER | |
| Classification number | 515 |
| Item number | DEM/PR |
| 100 ## - MAIN ENTRY--AUTHOR NAME | |
| Personal name | Demidovich, B . |
| 245 ## - TITLE STATEMENT | |
| Title | Problems in Mathematical Analysis / |
| 250 ## - EDITION STATEMENT | |
| Edition statement | 1 / |
| 260 ## - PUBLICATION, DISTRIBUTION, ETC. (IMPRINT) | |
| Place of publication | Moscow : |
| Name of publisher | Peace Publishers , |
| Year of publication | 1984. |
| 300 ## - PHYSICAL DESCRIPTION | |
| Number of Pages | 496 ; . |
| 942 ## - ADDED ENTRY ELEMENTS (KOHA) | |
| Koha item type | Books |
| Withdrawn status | Lost status | Damaged status | Home library | Current library | Date acquired | Full call number | Accession Number | Koha item type |
|---|---|---|---|---|---|---|---|---|
| KAUAET | KAUAET | 07/04/2012 | 515 | 11212 | Books |
